000
00310nam a2200157Ia 4500
100
_a
Bolton/W
250
_a
3
942
_c
BK
654
_a
Mechatronics
245
_a
Mechatronics
260
_b
Pearson Education
_c
2003
082
_a
621.381042
_b
BOL
300
_a
574
546
_a
ENGLISH
999
_c
28514
_d
28514